000
00265nam a22001217a 4500
082
_a
001
_b
CSN/H
100
_a
CSN BOOKS
245
_a
101 WORLD WONDERS
260
_a
TRIVANDRUM
_b
CSN BOOKS
_c
2013
300
_a
224
650
_a
GENERAL KNOWLEDGE
_z
KERALA
942
_c
BK
999
_c
2201
_d
2201